Supportive skills for education of children with disabilities (Record no. 393807)

MARC details
000 -LEADER
fixed length control field 00610 a2200205 4500
005 - DATE & TIME
control field 20251227112645.0
008 - FIXED-LENGTH DATA ELEMENTS--GENERAL INFORMATION
fixed length control field 251227b |||||||| |||| 00| 0 eng d
020 ## - ISBN
International Standard Book Number 9789349202276
Price Y11S
040 ## - CATALOGING SOURCE
Original cataloging agency VIVEKANANDA LIBRARY
082 ## - DDC NUMBER
Classification number 371.9
Book Number Y11S
100 ## - MAIN ENTRY--PERSONAL NAME
Personal name Yadav, Priyanka, ed.
245 ## - TITLE STATEMENT
Title Supportive skills for education of children with disabilities
260 ## - PUBLICATION, DISTRIBUTION, ETC. (IMPRINT)
Name of publisher, distributor, etc V R Book International
Date of publication, distribution, etc 2025
Place of publication, distribution, etc New Delhi
300 ## - PHYSICAL DESCRIPTION
Pages xiii, 185
650 ## - Subject
Subject Education
650 ## - Subject
Subject Special Education
650 ## - Subject
Subject Supportive Functional Skills
650 ## - Subject
Subject Skill Development for Children with Disabilities
942 ## - ADDED ENTRY ELEMENTS (KOHA)
Koha item type Books
Holdings
Withdrawn status Lost status Source of classification or shelving scheme Damaged status Not for loan Location (home branch) Sublocation or collection (holding branch) Shelving location Date acquired Koha issues (times borrowed) Koha full call number Accession No. Koha date last seen Koha item type
    Dewey Decimal Classification     VIVEKANANDA LIBRARY VIVEKANANDA LIBRARY Centre for Disability Studies 03/12/2025   371.9 Y11S 443461 03/12/2025 Books
    Dewey Decimal Classification     VIVEKANANDA LIBRARY VIVEKANANDA LIBRARY Centre for Disability Studies 03/12/2025   371.9 Y11S 443462 03/12/2025 Books
    Dewey Decimal Classification     VIVEKANANDA LIBRARY VIVEKANANDA LIBRARY Centre for Disability Studies 03/12/2025   371.9 Y11S 443463 03/12/2025 Books
    Dewey Decimal Classification     VIVEKANANDA LIBRARY VIVEKANANDA LIBRARY Centre for Disability Studies 03/12/2025   371.9 Y11S 443459 03/12/2025 Books
    Dewey Decimal Classification     VIVEKANANDA LIBRARY VIVEKANANDA LIBRARY Centre for Disability Studies 03/12/2025   371.9 Y11S 443460 03/12/2025 Books
© Designed and Maintained by Vivekananda Library, MDU Rohtak